The Ramayana, and the Mahabharata/ (Record no. 19580)

MARC details
000 -LEADER
fixed length control field 00746cam a2200241u 4500
001 - CONTROL NUMBER
control field 7753688
003 - CONTROL NUMBER IDENTIFIER
control field BDDh-ASL
005 - DATE AND TIME OF LATEST TRANSACTION
control field 20231015025805.0
008 - FIXED-LENGTH DATA ELEMENTS--GENERAL INFORMATION
fixed length control field 830302s1910 enk a 000 0 eng
010 ## - LIBRARY OF CONGRESS CONTROL NUMBER
LC control number a 10002381
040 ## - CATALOGING SOURCE
Original cataloging agency DLC
Transcribing agency CarP
Modifying agency BDDh-ASL
050 10 - LIBRARY OF CONGRESS CALL NUMBER
Classification number PK3653.A2
Item number D8 1910
050 00 - LIBRARY OF CONGRESS CALL NUMBER
Classification number Microfilm 82/5271 (PK)
082 ## - DEWEY DECIMAL CLASSIFICATION NUMBER
Classification number 294.5922
Item number RAM
100 0# - MAIN ENTRY--PERSONAL NAME
Personal name Vālmīki.
245 14 - TITLE STATEMENT
Title The Ramayana, and the Mahabharata/
260 ## - PUBLICATION, DISTRIBUTION, ETC.
Place of publication, distribution, etc. London:
Name of publisher, distributor, etc. J. M. Dent & sons ltd.;
Place of publication, distribution, etc. New York,
Name of publisher, distributor, etc. E. P. Dutton & co.
Date of publication, distribution, etc. [1910]
300 ## - PHYSICAL DESCRIPTION
Extent xiv p., 1 l.,
Other physical details 384 p.
Dimensions 18 cm.
700 1# - ADDED ENTRY--PERSONAL NAME
Personal name Dutt, Romesh Chunder,
Dates associated with a name 1848-1909,
Relator term tr.
730 02 - ADDED ENTRY--UNIFORM TITLE
Uniform title Mahābhārata. [from old catalog]
906 ## - LOCAL DATA ELEMENT F, LDF (RLIN)
a 0
b cbc
c premunv
d u
e ncip
f 19
g y-gencatlg
942 ## - ADDED ENTRY ELEMENTS (KOHA)
Source of classification or shelving scheme Dewey Decimal Classification
Koha item type Books
Holdings
Withdrawn status Lost status Source of classification or shelving scheme Damaged status Not for loan Collection code Home library Current library Shelving location Date acquired Source of acquisition Total Checkouts Full call number Barcode Date last seen Copy number Price effective from Koha item type Public note
    Dewey Decimal Classification   Not For Loan Non-fiction Asiatic Society Library Asiatic Society Library Ludden Collection 12/13/2020 Donated by Prof. David Ludden   294.5922 RAM 102933 12/13/2020 C-1 12/13/2020 Books RARE

Powered by Koha